000
00251nam a2200109Ia 4500
008
190911s9999||||xx |||||||||||||| ||und||
100
_a
Zia Ul Rehman
245
0
_a
Kibi Soucha Tha
260
_a
Karachi
_b
Royal Book
_c
2013
300
_a
250
942
_c
BK
999
_c
6705
_d
6705